000 00582nam a2200229Ia 4500
003 OSt
005 20220918191409.0
006 a|||||r|||| 00| 0
007 ta
008 220917b |||||||| |||| 00| 0 eng d
024 _a63,115
037 _cTextual
040 _aARTS
_cARTS
_beng
041 _2eng
_aeng
082 _aQ414:2:9, J7 (Q4)
100 _aBanerjee Anukul Chandra
245 0 _aSarvastivada literature
260 _c1957
650 _aRELIGION
942 _hQ414:2:9, J7 (Q4)
_cTEXL
_2CC
999 _c189673
_d189673